Pistoletto / (Record no. 20458)

000 -LEADER
fixed length control field 00973cam a2200277 a 4500
001 - CONTROL NUMBER
control field 2912875
005 - DATE AND TIME OF LATEST TRANSACTION
control field 20170119094746.0
008 - FIXED-LENGTH DATA ELEMENTS--GENERAL INFORMATION
fixed length control field 891021t19891988nyua bc 000 0 eng
010 ## - LIBRARY OF CONGRESS CONTROL NUMBER
LC control number 88063407
020 ## - INTERNATIONAL STANDARD BOOK NUMBER
International Standard Book Number 0847810224
041 1# - LANGUAGE CODE
Language code of text/sound track or separate title engita
050 00 - LIBRARY OF CONGRESS CALL NUMBER
Classification number N6923.P5A4 1989
100 1# - MAIN ENTRY--PERSONAL NAME
Personal name Celant, Germano.
245 10 - TITLE STATEMENT
Title Pistoletto /
Statement of responsibility, etc. Germano Celant ; [English translation, Joachim Neugroschel].
260 ## - PUBLICATION, DISTRIBUTION, ETC. (IMPRINT)
Place of publication, distribution, etc. New York :
Name of publisher, distributor, etc. Rizzoli,
Date of publication, distribution, etc. 1989, c1988.
300 ## - PHYSICAL DESCRIPTION
Extent 228 p. :
Other physical details ill. (some col.) ;
Dimensions 32 cm.
504 ## - BIBLIOGRAPHY, ETC. NOTE
Bibliography, etc Includes bibliographical references.
600 10 - SUBJECT ADDED ENTRY--PERSONAL NAME
Personal name Pistoletto, Michelangelo,
Dates associated with a name 1933-
General subdivision Catalogs.
600 10 - SUBJECT ADDED ENTRY--PERSONAL NAME
Personal name Pistoletto, Michelangelo,
Dates associated with a name 1933-
General subdivision Criticism and interpretation.
700 1# - ADDED ENTRY--PERSONAL NAME
Personal name Pistoletto, Michelangelo,
Dates associated with a name 1933-
942 ## - ADDED ENTRY ELEMENTS (KOHA)
Source of classification or shelving scheme
Koha item type Hard Covered Materials
Classification part N6923.P5A4 1989
Holdings
Withdrawn status Lost status Source of classification or shelving scheme Damaged status Not for loan Home library Current library Shelving location Date acquired Source of acquisition Total Checkouts Full call number Barcode Date last seen Price effective from Koha item type
          MACHAKOS UNIVERSITY LIBRARY MACHAKOS UNIVERSITY LIBRARY Technical section 19/01/2017 Donation(BFA)   N6923.P5A4 1989 30855 05/07/2018 19/01/2017 Hard Covered Materials
© Machakos University Library, Along The Highway, Machakos Wote Rd, Machakos, Kenya P.O. Box 136 - 90100 Machakos - Kenya

Tel: ( +254 ) 723 805829 OR Fax : 044-20353 OR Email: library@mksu.ac.ke